Top 100 Colleges with the Most NFL Draft Picks - Statistics

General Stats
  • This quiz has been taken 4,520 times
    4,470 since last reset
  • The average score is 65 of 100
Answer Stats
Picks Answer % Correct
426 Oklahoma
96%
428 Michigan
95%
386 Texas
95%
400 Georgia
94%
514 Ohio State
94%
387 Florida
93%
255 North Carolina
91%
333 Washington
89%
428 Alabama
88%
395 Louisiana State
88%
260 Arizona State
87%
271 Mississippi
87%
344 UCLA
87%
292 Clemson
86%
372 Tennessee
86%
371 Nebraska
85%
176 Oklahoma State
85%
402 Penn State
85%
81 Temple
85%
536 USC
85%
195 Arizona
84%
325 Michigan State
83%
544 Notre Dame
83%
250 California
82%
222 Kentucky
82%
229 South Carolina
82%
319 Texas A&M
82%
169 Virginia
82%
280 Colorado
81%
286 Minnesota
81%
263 Illinois
80%
173 Oregon State
80%
174 Tulsa
80%
301 Wisconsin
80%
291 Florida State
78%
288 Iowa
78%
378 Miami (FL)
78%
261 Oregon
78%
175 Kansas
77%
237 Maryland
76%
182 North Carolina State
76%
202 Washington State
76%
179 Texas Tech
75%
287 Arkansas
74%
164 San Diego State
74%
308 Auburn
73%
223 Boston College
73%
133 Iowa State
73%
158 Kansas State
73%
241 Missouri
73%
214 Mississippi State
72%
167 Virginia Tech
71%
155 Brigham Young
70%
67 New Mexico
70%
282 Stanford
70%
107 Colorado State
68%
304 Pittsburgh
68%
200 West Virginia
68%
182 Indiana
67%
87 Wyoming
66%
71 Rutgers
65%
128 Vanderbilt
64%
223 Georgia Tech
63%
295 Purdue
63%
206 Syracuse
63%
117 Utah State
63%
189 Houston
62%
139 Cincinnati
61%
190 Northwestern
61%
73 Hawaii
60%
75 Holy Cross
60%
220 Texas Christian
60%
251 Baylor
58%
139 Louisville
55%
164 Duke
54%
152 Tulane
53%
84 Memphis State
51%
181 Utah
51%
77 Idaho
50%
149 Wake Forest
48%
93 Texas-El Paso
45%
131 Rice
43%
178 Southern Methodist
42%
81 Miami (OH)
41%
77 Southern
39%
108 San Jose State
36%
69 Louisiana Tech
35%
72 North Texas State
33%
67 Bowling Green
31%
66 Florida A&M
29%
111 Fresno State
29%
109 Tennessee State
29%
116 Southern Mississippi
27%
76 Villanova
22%
101 Jackson State
20%
67 East Carolina
13%
120 Grambling State
12%
73 William & Mary
11%
75 Boise State
9%
76 Pacific
6%
No matching quizzes found
Score Distribution
Percent of People with Each Score
Percentile by Number Answered
Your Score History
You have not taken this quiz since the last reset